লোক সঙ্গীত বিভাকর / (Record no. 48110)
[ view plain ]
| 000 -LEADER | |
|---|---|
| fixed length control field | 00892nam a2200241 a 4500 |
| 001 - CONTROL NUMBER | |
| control field | 48110 |
| 003 - CONTROL NUMBER IDENTIFIER | |
| rucl marc code | BD-RjUL |
| 005 - DATE AND TIME OF LATEST TRANSACTION | |
| control field | 20211209054448.0 |
| 008 - FIXED-LENGTH DATA ELEMENTS--GENERAL INFORMATION | |
| fixed length control field | 160811s1998 bg ||||| |||| 00| 0 ben d |
| 020 ## - INTERNATIONAL STANDARD BOOK NUMBER | |
| International Standard Book Number | 8171020860 |
| Terms of availability | TK.150.00 |
| 035 ## - SYSTEM CONTROL NUMBER | |
| System control number | (BD-RjUL) 48229 |
| 040 ## - CATALOGING SOURCE | |
| Original cataloging agency | BD-RjUL |
| Language of cataloging | ben |
| Transcribing agency | BD-RjUL |
| 041 ## - LANGUAGE CODE | |
| Language code of text/sound track or separate title | ben |
| 082 ## - DEWEY DECIMAL CLASSIFICATION NUMBER | |
| Edition number | 23 |
| Classification number | 782.42 |
| Author mark and year | GAL 1998 |
| 100 ## - MAIN ENTRY--PERSONAL NAME | |
| Personal name | গঙ্গোপাধ্যায়, সুবোধ |
| 9 (RLIN) | 145815 |
| 245 ## - TITLE STATEMENT | |
| Title | লোক সঙ্গীত বিভাকর / |
| Statement of responsibility, etc. | সুবোধ গঙ্গোপাধ্যায় |
| 260 ## - PUBLICATION, DISTRIBUTION, ETC. (IMPRINT) | |
| Place of publication, distribution, etc. | কলিকাতা : |
| Name of publisher, distributor, etc. | ফার্মা কে -এল-এম প্রাইভেট লিমিটেড, |
| Date of publication, distribution, etc. | ১৯৯৮ |
| 300 ## - PHYSICAL DESCRIPTION | |
| Pagination | খন্ড ; |
| Size | ২২ সেমি. |
| 505 ## - FORMATTED CONTENTS NOTE | |
| Formatted contents note | খন্ড .১ম -- |
| 650 ## - SUBJECT ADDED ENTRY--TOPICAL TERM | |
| Topical term or geographic name as entry element | লোকসঙ্গীত |
| 9 (RLIN) | 145816 |
| Topical term or geographic name as entry element | folk song |
| 9 (RLIN) | 145817 |
| 942 ## - ADDED ENTRY ELEMENTS (KOHA) | |
| Source of classification or shelving scheme | Dewey Decimal Classification |
| Koha item type | Books |
| Lost status | Source of classification or shelving scheme | Damaged status | Not for loan | Collection code | Permanent Location | Current Location | Shelving location | Date acquired | Source of acquisition | Cost, normal purchase price | Total Checkouts | Full call number | Date last seen | Copy number | Koha item type | Date checked out |
|---|---|---|---|---|---|---|---|---|---|---|---|---|---|---|---|---|
| Dewey Decimal Classification | Non-fiction | Central Library, University of Rajshahi | Central Library, University of Rajshahi | 17/07/2008 | dhaka pragon enterprise | 150.00 | B 782.42 GAL V-I 1998 | 11/08/2016 | C-2 | Books | ||||||
| Dewey Decimal Classification | Non-fiction | Central Library, University of Rajshahi | Central Library, University of Rajshahi | 17/07/2008 | dhaka pragon enterprise | 150.00 | B 782.42 GAL V-I 1998 | 11/08/2016 | C-3 | Books | ||||||
| Dewey Decimal Classification | Non-fiction | Central Library, University of Rajshahi | Central Library, University of Rajshahi | 17/07/2008 | dhaka pragon enterprise | 150.00 | B 782.42 GAL V-I 1998 | 11/08/2016 | C-4 | Books | ||||||
| Dewey Decimal Classification | Non-fiction | Central Library, University of Rajshahi | Central Library, University of Rajshahi | 17/07/2008 | Paragon Enterprise Lit., Dhaka | 150.00 | B 782.42 GAL V-1 1998 | 25/09/2016 | C-5 | Books | ||||||
| Dewey Decimal Classification | Non-fiction | Central Library, University of Rajshahi | Central Library, University of Rajshahi | 17/07/2008 | Paragon Enterprise Ltd.Dhaka. | 150.00 | 1 | B 782.42 GAL V-1 1998 | 23/07/2023 | C-6 | Books | 20/07/2023 | ||||
| Dewey Decimal Classification | Not For Loan | Non-fiction | Central Library, University of Rajshahi | Central Library, University of Rajshahi | Reading Room | 20/07/2005 | Indian High Commisoner Office, Dhaka | 150.00 | B 782.42 GAL V-1 1998 | 23/01/2017 | C-1 | Books |